Adolescents' preparation for the future, perils and promise: a report of the study group on adolescence in the Twenty-First Century (Record no. 33505)

MARC details
000 -LEADER
fixed length control field 00802nam a2200193 a 4500
008 - FIXED-LENGTH DATA ELEMENTS--GENERAL INFORMATION
fixed length control field 120416s2002 ||||||||||||||||| || u
020 ## - INTERNATIONAL STANDARD BOOK NUMBER
International Standard Book Number 063123540X
050 ## - LIBRARY OF CONGRESS CALL NUMBER
Classification number HQ 793 Ado
100 ## - MAIN ENTRY--PERSONAL NAME
Personal name Larson, Reed W
245 10 - TITLE STATEMENT
Title Adolescents' preparation for the future, perils and promise: a report of the study group on adolescence in the Twenty-First Century
Statement of responsibility, etc. edited by Reed Larson
260 ## - PUBLICATION, DISTRIBUTION, ETC.
Place of publication, distribution, etc. Ann Arbor
Name of publisher, distributor, etc. The Society fo Research on Adolescence
Date of publication, distribution, etc. 2002
300 ## - PHYSICAL DESCRIPTION
Extent viii, 166p.
350 ## - PRICE (NR) (BK AM CF MU VM SE) [OBSOLETE]
Price 0.00
650 ## - SUBJECT ADDED ENTRY--TOPICAL TERM
Topical term or geographic name entry element TWENTY FIRST CENTURY--FORECASTS
650 ## - SUBJECT ADDED ENTRY--TOPICAL TERM
Topical term or geographic name entry element ADOLESCENCE--FORECASTING
700 ## - ADDED ENTRY--PERSONAL NAME
Personal name Brown, B. Bradford
700 ## - ADDED ENTRY--PERSONAL NAME
Personal name Mortimer, J. T
995 ## - RECOMMENDATION 995 [LOCAL, UNIMARC FRANCE]
-- 0.00
-- CBU-MAIN LIBRARY (Kitwe)
-- 1
-- 25.95
-- 1
-- AVAILABLE
-- Main Library Open Access Collection
Holdings
Withdrawn status Lost status Source of classification or shelving scheme Damaged status Not for loan Home library Current library Shelving location Date acquired Total Checkouts Full call number Barcode Date last seen Price effective from Koha item type
          CBU-MAIN LIBRARY, KITWE. CBU-MAIN LIBRARY, KITWE.   11/30/2022   HQ 793 Ado 48236 11/30/2022 11/30/2022 MONOGRAPH